| 000 | 01382nam a2200349 a 4500 | ||
|---|---|---|---|
| 001 | 000115962 | ||
| 003 | CHAP | ||
| 005 | 20220329144555.0 | ||
| 008 | 190822s2019 mx a sm |||||||spa d | ||
| 010 | _a112423 | ||
| 011 | _a113395 | ||
| 040 | _cCHAP | ||
| 090 | _aTesis | ||
| 100 | 1 |
_aCarmona Godina, Gustavo. _9136678 |
|
| 245 | 1 | 0 |
_aRespuesta del Atriples sp. a diferentes tipos de retenedores de humedad edáfica y su impacto en la erosión de suelos degradados en zonas áridas / _h[En línea] _cpor Gustavo Carmona Godina. |
| 260 |
_aChapingo, Méx. : _bEl autor, _c2019. |
||
| 500 | _aPara ver el contenido del material haga clic en la liga | ||
| 502 | _aTesis (M. C. en Recursos Naturales y Medio Ambiente en Zonas Áridas) -- UACH. Unidad Regional Universitaria de Zonas Áridas | ||
| 590 |
_aBATCH-UPD _b05 _c20190823 _lUCH01 _h1252 |
||
| 590 |
_aE8697GMM _b05 _c20190822 _lUCH01 _h1549 |
||
| 590 |
_aE8697GMM _b05 _c20190822 _lUCH01 _h1550 |
||
| 590 |
_aE8697GMM _b05 _c20190823 _lUCH01 _h1251 |
||
| 590 |
_aE8697GMM _b05 _c20190823 _lUCH01 _h1306 |
||
| 650 | 1 | 4 |
_aPlantas _xEfecto de la humedad. _988816 |
| 650 | 1 | 4 |
_aSuelos _xDegradación. _9110336 |
| 650 | 1 | 4 |
_aSuelos _xHumedad. _9110391 |
| 650 | 1 | 4 |
_aSuelos _xMateria orgánica. _9110429 |
| 856 |
_aFinding aid _uhttp://10.13.5.2/tesis/sist115962.pdf _zTeclea aquí |
||
| 901 | _aBK | ||
| 942 | _cTESIS | ||
| 942 | _n0 | ||
| 999 |
_c112423 _d112423 |
||